| 000 | 00487nam a22001937a 4500 | ||
|---|---|---|---|
| 003 | MPLRDC | ||
| 005 | 20220104153724.0 | ||
| 008 | 210129b ||||| |||| 00| 0 eng d | ||
| 020 | _a957-648-560-6 | ||
| 082 | _a544.5 COW | ||
| 100 | _aROSALIND COWARD | ||
| 245 |
_a为何女人受男人摆布 _c游依琳、刘怡昕译 |
||
| 250 | _a初版 | ||
| 260 |
_a _b书泉出版社 _c1993 |
||
| 300 | _b平 | ||
| 490 | _a两性新话题. 4 | ||
| 650 | _a妇女 | ||
| 942 |
_cBK _o544.5 COW |
||
| 999 |
_c53586 _d53576 |
||